<?xml version="1.0" encoding="UTF-8"?>
<marc:record xmlns:marc="http://www.loc.gov/MARC21/slim">
   <marc:leader>00000nam a2200000 a 4500</marc:leader>
   <marc:datafield ind1="1" ind2=" " tag="100">
      <marc:subfield code="a">Pape, Saskia</marc:subfield>
      <marc:subfield code="4">aut</marc:subfield>
      <marc:subfield code="e">Verfasser/-in</marc:subfield>
   </marc:datafield>
   <marc:datafield ind1="0" ind2="0" tag="245">
      <marc:subfield code="a">Lirum Larum Lecker!</marc:subfield>
   </marc:datafield>
   <marc:datafield ind1="0" ind2="0" tag="245">
      <marc:subfield code="b">Reime zum Reinhauen</marc:subfield>
   </marc:datafield>
   <marc:datafield ind1="0" ind2="0" tag="245">
      <marc:subfield code="c">Saskia Pape</marc:subfield>
   </marc:datafield>
   <marc:datafield ind1=" " ind2="1" tag="264">
      <marc:subfield code="a">Leipzig</marc:subfield>
      <marc:subfield code="b">Klett Kinderbuch</marc:subfield>
      <marc:subfield code="c">2023</marc:subfield>
   </marc:datafield>
   <marc:datafield ind1=" " ind2=" " tag="250">
      <marc:subfield code="a">Neuausgabe</marc:subfield>
   </marc:datafield>
   <marc:datafield ind1="1" ind2=" " tag="520">
      <marc:subfield code="a">Quelle: bn.bibliotheksnachrichten (http://www.biblio.at/literatur/bn/index.html); #Autor: Martina Mansoor; #Tischsprüche für jeden Geschmack in Neuauflage. (ab 2) (JL)#Dieses Standardwerk der Tischsprüche erschien zum ersten Mal vor 11 Jahren. Nun wurde es mit einem neuen Cover versehen und frisch herausgegeben. Schön, dass das Werk nun wieder verfügbar ist, denn es ist eine wahre Perle! Es enthält eine kunterbunte Sammlung von Tischsprüchen, die zum »lustvollen Zelebrieren des gemeinsamen Essens, zum Schmunzeln, Schmatzen und fröhlichen Weiterreimen« einladen sollen.#Leider ist Essen in vielen Familien mit Kindern ein belastendes Thema. Manchmal mögen die Kleinen nur bestimmte Lebensmittel, sie essen nur wenig, etc. In solchen Fällen bewähren sich die frechen Tischsprüche tatsächlich! Vor allem geht es darum, die Kinder fröhlich zu stimmen und zum Essen einzuladen. Die lustigen Reime und fantasievoll gestalteten, witzigen Bilder verfehlen nicht ihr Ziel. Das abgebildete Essen ist abwechslungsreich und wird wertfrei präsentiert  von gesund bis einfach nur lecker, alles ist zu finden. Ein tolles Buch, das das gemeinsame Essen wieder zu einem schönen Erlebnis machen kann, bei dem alle gerne dabei sind.</marc:subfield>
   </marc:datafield>
   <marc:datafield ind1=" " ind2=" " tag="020">
      <marc:subfield code="a">9783954702794</marc:subfield>
      <marc:subfield code="9">9783954702794</marc:subfield>
   </marc:datafield>
   <marc:datafield ind1=" " ind2=" " tag="041">
      <marc:subfield code="a">ger</marc:subfield>
   </marc:datafield>
   <marc:datafield ind1=" " ind2=" " tag="300">
      <marc:subfield code="a">48 ungezählte Seiten</marc:subfield>
   </marc:datafield>
</marc:record>
